000 00718cam a2200229 4500
001 ABS64419
008 010912n2001 000 0 eng u
035 _a(Sirsi) u114556
100 _aGoodey, B
245 _aLessons from developing nations
260 _c2001
490 _aLandscape Design
_v(303) September 2001, 36-40(4)
520 _aExamines the use of urban space in developing cities overseas and the factors needed to be taken into consideration.
590 _aABS
650 _aURBAN DESIGN
650 _aDEVELOPING COUNTRIES
650 _aCITIES
650 _aCITY PLANNING
650 _aURBAN PLANNING
690 _aENVIRONMENTAL AND LAND CONSULTANCY-PLANNING AND DEVELOPMENT
942 _n0
999 _c68258
_d68258